|
|
|
|
| LEADER |
00000nam0a2200000 4500 |
| 001 |
35591 |
| 005 |
20231030234210.0 |
| 010 |
|
|
|a 5217006382
|
| 035 |
|
|
|a (RuTPU)RU\TPU\book\36028
|
| 035 |
|
|
|a BOOK00002680
|
| 090 |
|
|
|a 35591
|
| 100 |
|
|
|a 20011210d1989 k y0rusy50 ca
|
| 101 |
0 |
|
|a rus
|
| 102 |
|
|
|a RU
|
| 105 |
|
|
|a y z 000zy
|
| 200 |
1 |
|
|a Робототехнологические комплексы для листовой штамповки мелких деталей
|f Е. И. Семенов, Н. Ф. Кравченко
|
| 210 |
|
|
|a Москва
|c Машиностроение
|d 1989
|
| 215 |
|
|
|a 288 с.
|
| 610 |
1 |
|
|a робототехнические системы
|
| 610 |
1 |
|
|a промышленные роботы
|
| 610 |
1 |
|
|a штамповка металлов листовая
|
| 610 |
1 |
|
|a автоматизация
|
| 610 |
1 |
|
|a расчеты
|
| 610 |
1 |
|
|a проектирование
|
| 675 |
|
|
|a 621.983
|v 3
|
| 700 |
|
1 |
|a Семенов
|b Е. И.
|g Евгений Иванович
|
| 701 |
|
1 |
|a Кравченко
|b Н. Ф.
|g Николай Федорович
|
| 801 |
|
0 |
|a RU
|b 63413507
|c 20011210
|g PSBO
|
| 801 |
|
2 |
|a RU
|b 63413507
|c 20100512
|g PSBO
|
| 900 |
|
|
|a Проектирование робототехнических комплексов
|
| 900 |
|
|
|a Управление промышленными роботами
|
| 900 |
|
|
|a Проектирование мехатронных систем
|
| 942 |
|
|
|c BK
|